| 000 | 00355nam a2200145Ia 4500 | ||
|---|---|---|---|
| 005 | 20251222143107.0 | ||
| 008 | 251222s9999||||xx |||||||||||||| ||spa|| | ||
| 020 | _a8492356332 | ||
| 082 | _a610/S25 | ||
| 100 | _aSantamarÃa, F. Javier C.T. | ||
| 245 | 0 | _aEl Médico al Volante | |
| 250 | _a1ra. ed. | ||
| 264 | _bThemis Pharma, S.L. | ||
| 942 | _cLIB | ||
| 999 |
_c11028 _d11028 |
||